000 00388nam a2200133Ia 4500
008 100328s9999 xx 000 0 und d
082 _b31958
100 _aघारे जान्हवी
245 _aजीवन-साफल्य
260 _bम.गो.घारे
630 _aजीवन-साफल्य
730 _aजीवन-साफल्य
942 _cBOOK
999 _c522775
_d522772